<?xml version="1.0" encoding="UTF-8"?>
<record
    xmlns:xsi="http://www.w3.org/2001/XMLSchema-instance"
    xsi:schemaLocation="http://www.loc.gov/MARC21/slim http://www.loc.gov/standards/marcxml/schema/MARC21slim.xsd"
    xmlns="http://www.loc.gov/MARC21/slim">

  <leader>01343nam a22002777a 4500</leader>
  <controlfield tag="003">OSt</controlfield>
  <controlfield tag="005">20250414105202.0</controlfield>
  <controlfield tag="008">210205s1998    ck ||||jr|||| 00| 1 spa d</controlfield>
  <datafield tag="020" ind1=" " ind2=" ">
    <subfield code="a">9788423647736</subfield>
  </datafield>
  <datafield tag="040" ind1=" " ind2=" ">
    <subfield code="a">CO-JMCR</subfield>
    <subfield code="c">CO-JMCR</subfield>
  </datafield>
  <datafield tag="041" ind1="1" ind2=" ">
    <subfield code="a">spa</subfield>
    <subfield code="h">eng</subfield>
  </datafield>
  <datafield tag="082" ind1="0" ind2="4">
    <subfield code="2">23</subfield>
    <subfield code="a">A-N</subfield>
    <subfield code="b">CUSa</subfield>
  </datafield>
  <datafield tag="100" ind1="1" ind2=" ">
    <subfield code="a">Cushman, Karen, </subfield>
    <subfield code="e">autora</subfield>
    <subfield code="9">13063</subfield>
  </datafield>
  <datafield tag="245" ind1="1" ind2="0">
    <subfield code="a">Aprendiz de comadrona / </subfield>
    <subfield code="c">Karen Cushman ; traducci&#xF3;n, Anna Gasol</subfield>
  </datafield>
  <datafield tag="250" ind1=" " ind2=" ">
    <subfield code="a">3&#xAA;. edici&#xF3;n </subfield>
  </datafield>
  <datafield tag="260" ind1=" " ind2=" ">
    <subfield code="a">Barcelona : </subfield>
    <subfield code="b">Edebe, </subfield>
    <subfield code="c">1998</subfield>
  </datafield>
  <datafield tag="300" ind1=" " ind2=" ">
    <subfield code="a">95 p&#xE1;ginas ; </subfield>
    <subfield code="c">21 cm.</subfield>
  </datafield>
  <datafield tag="490" ind1=" " ind2=" ">
    <subfield code="a">N&#xF3;madas ; </subfield>
    <subfield code="v">3</subfield>
  </datafield>
  <datafield tag="505" ind1="0" ind2=" ">
    <subfield code="a">El mont&#xF3;n de esti&#xE9;rcol -- El gato -- La comadrona -- La mujer del molinero -- El mercader -- Los hombres -- El diablo -- Los gemelos -- El beb&#xE9; de la mujer del alguacil -- El ni&#xF1;o -- La huida -- La posada -- Visitas -- El palacio -- Edwar -- El beb&#xE9; -- Aprendiz de comadrona </subfield>
  </datafield>
  <datafield tag="520" ind1="0" ind2=" ">
    <subfield code="a">n la Inglaterra medieval, una ni&#xF1;a sin nombre y sin hogar es acogida por una partera de mal genio y, a pesar de los obst&#xE1;culos y las dificultades, finalmente obtiene las tres cosas que m&#xE1;s desea: un est&#xF3;mago lleno, un coraz&#xF3;n contento y un lugar en este mundo.</subfield>
  </datafield>
  <datafield tag="650" ind1="2" ind2="4">
    <subfield code="a">Edad Media</subfield>
    <subfield code="x">Ficci&#xF3;n juvenil</subfield>
    <subfield code="9">13064</subfield>
  </datafield>
  <datafield tag="650" ind1="2" ind2="4">
    <subfield code="a">Matronas</subfield>
    <subfield code="x">Ficci&#xF3;n juvenil</subfield>
    <subfield code="9">13065</subfield>
  </datafield>
  <datafield tag="650" ind1="2" ind2="4">
    <subfield code="a">Edad Media</subfield>
    <subfield code="x">Ficci&#xF3;n</subfield>
    <subfield code="9">13066</subfield>
  </datafield>
  <datafield tag="700" ind1="1" ind2=" ">
    <subfield code="a">Gasol, Anna, </subfield>
    <subfield code="e">traductora </subfield>
    <subfield code="9">13067</subfield>
  </datafield>
  <datafield tag="942" ind1=" " ind2=" ">
    <subfield code="2">ddc</subfield>
    <subfield code="c">BK</subfield>
  </datafield>
  <datafield tag="999" ind1=" " ind2=" ">
    <subfield code="c">7113</subfield>
    <subfield code="d">7113</subfield>
  </datafield>
  <datafield tag="952" ind1=" " ind2=" ">
    <subfield code="0">0</subfield>
    <subfield code="1">0</subfield>
    <subfield code="2">ddc</subfield>
    <subfield code="4">0</subfield>
    <subfield code="7">0</subfield>
    <subfield code="a">CPL</subfield>
    <subfield code="b">CPL</subfield>
    <subfield code="c">CHILD</subfield>
    <subfield code="d">2020-10-02</subfield>
    <subfield code="e">Donaci&#xF3;n</subfield>
    <subfield code="l">0</subfield>
    <subfield code="o">A-N CUSa</subfield>
    <subfield code="p">201810487</subfield>
    <subfield code="r">2021-02-05 00:00:00</subfield>
    <subfield code="t">Ej.1</subfield>
    <subfield code="w">2020-10-02</subfield>
    <subfield code="y">BK</subfield>
    <subfield code="z">Nota: Ma. Daniela de la Rosa</subfield>
  </datafield>
</record>
